Online
Catalog

Recopilación de textos sobre Juan Marinello / (Record no. 25127)

MARC details
000 -CABECERA
campo de control de longitud fija 00896nam a2200229 a 4500
001 - NÚMERO DE CONTROL
campo de control 000025635
005 - FECHA Y HORA DE LA ÚLTIMA TRANSACCIÓN
campo de control 20200930023931.0
008 - DATOS DE LONGITUD FIJA--INFORMACIÓN GENERAL
campo de control de longitud fija 110218s1979 cu a r 000 0 spa d
040 ## - FUENTE DE LA CATALOGACIÓN
Centro catalogador/agencia de origen DO-SdBNP
Lengua de catalogación spa
Centro/agencia transcriptor BNPHU
082 ## - NÚMERO DE LA CLASIFICACIÓN DECIMAL DEWEY
Número de clasificación xxxxx
Número de documento/Ítem R311t
049 ## - FONDOS LOCALES (OCLC)
Fondos de biblioteca BNGR
245 00 - MENCIÓN DE TÍTULO
Título Recopilación de textos sobre Juan Marinello /
Mención de responsabilidad, etc. Selección Trinidad Pérez , Pedro Simón.
260 ## - PUBLICACIÓN, DISTRIBUCIÓN, ETC.
Lugar de publicación, distribución, etc. La Habana :
Nombre del editor, distribuidor, etc. Centro de Investigaciones Literarias Casa de las Américas,
Fecha de publicación, distribución, etc. 1979.
300 ## - DESCRIPCIÓN FÍSICA
Extensión 781 p. :
Otras características físicas il. ;
Dimensiones 21 cm.
490 1# - MENCIÓN DE SERIE
Mención de serie Valoraciones múltiples
500 ## - NOTA GENERAL
Nota general Incluye referencia biográfica del Juan Marinello en la contracubierta.
500 ## - NOTA GENERAL
Nota general Incluye referencias bibliográfias p.[759-777].
504 ## - NOTA DE BIBLIOGRAFÍA, ETC.
Nota de bibliografía, etc. Incluye referencias bibliográficas y notas al pie de las páginas.
700 1# - PUNTO DE ACCESO ADICIONAL--NOMBRE DE PERSONA
Nombre de persona Pérez, Trinidad,
Término indicativo de función/relación pról.
9 (RLIN) 9863
700 1# - PUNTO DE ACCESO ADICIONAL--NOMBRE DE PERSONA
Nombre de persona Simón, Pedro
9 (RLIN) 9866
830 #0 - PUNTO DE ACCESO ADICIONAL DE SERIE-TÍTULO UNIFORME
Título uniforme Valoraciones múltiples
9 (RLIN) 52353
Holdings
Estado de retiro Estado de pérdida Restricciones de uso No para préstamo Código de colección Localización permanente Ubicación/localización actual Ubicación en estantería Fecha de adquisición Número de inventario Total de préstamos Signatura topográfica completa Código de barras Fecha visto por última vez Precio válido a partir de Tipo de ítem Koha
        Monografías: Libros y Folletos General General En catalogación 18.02.2011 LF1   xxxxx R311t 25635-10 25.06.2020 25.06.2020 Préstamo en sala

Powered by Koha